000 00695nab a2200193 4500
001 244442
003 OSt
005 20231128140153.0
007 tu
008 200917s2020|||||||
040 _aDE-2950
_cDE-2950
245 0 0 _aGlamour im Kulturbahnhof
_bAbendveranstaltung. Eine glanzvolle Gala-Nacht fand im Kulturbahnhof in Frankfurt (Oder) statt. Hunderte Gäste in feiner Abendgarderobe waren einer Einladung der Viadrina und Serviceclubs gefolgt/
_cPhilipp Stepputtis
264 _c2023
653 _aFrankfurt (Oder)
653 _aKulturbahnhof
653 _aGala-Nacht
773 0 _g34. Jahrgang (2023) Nr. 276 vom 27.11.2023, S. 11, mit Foto;
_tMärkische Oderzeitung
942 _2z
_cA
999 _c372849
_d372849